| 000 | 00479nam a2200193Ia 4500 | ||
|---|---|---|---|
| 005 | 20250508151853.0 | ||
| 008 | 008 250505s9999 xx 000 0 eng d | ||
| 037 | _aBooks to be hide in OPAC | ||
| 040 |
_aFEDL _beng _cFEDL |
||
| 041 |
_aeng _2eng |
||
| 084 |
_a373, RUS/O _qFEDL |
||
| 100 | _aBergman | ||
| 245 | 0 | _aGerman grammar | |
| 260 | _c1956 | ||
| 300 | _a295p. | ||
| 700 |
_a Natnzoh _9760219 |
||
| 942 |
_cHB _h373, RUS/O |
||
| 999 |
_c1332610 _d1332610 |
||